Radar and other electronic inventions
Spremljeno u:
| Glavni autor: | |
|---|---|
| Format: | Knjiga |
| Jezik: | English |
| Izdano: |
New York, Lothrop, Lee & Shepard
1954
|
| Teme: | |
| Oznake: |
Dodaj oznaku
Bez oznaka, Budi prvi tko označuje ovaj zapis!
|
MARC
| LEADER | 00000nam a2200000Ia 4500 | ||
|---|---|---|---|
| 003 | 004517 | ||
| 005 | 20221231143942.0 | ||
| 008 | 140114s1954 nyua 000 ||eng d | ||
| 040 | |c cru CEDI | ||
| 082 | |a 621.3 R823r | ||
| 100 | |a Ross, Frank, 1914-1998. |9 20738 | ||
| 245 | |a Radar and other electronic inventions | ||
| 260 | |a New York, Lothrop, Lee & Shepard |c 1954 | ||
| 300 | |a 244 páginas. ilustraciones. 21 cm. | ||
| 650 | |x RADAR |x INNOVACIONES TECNOLOGICAS |x ELECTRONICA |9 20739 | ||
| 942 | |2 ddc |c BK | ||
| 999 | |c 14716 |d 14716 | ||
